| 000 | 00349 a2200121 4500 | ||
|---|---|---|---|
| 001 | ART_13894 | ||
| 005 | 20260410161911.0 | ||
| 008 | 260409a | ||
| 245 | 1 | 0 | _aEntry, innovation, exit |
| 100 | 1 | _aStiglitz, Joseph E. | |
| 700 | 1 | _aDasgupta, Partha | |
| 773 | 0 |
_tEuropean economic review _g- Vol. 15, NÂș 2 (feb. 1981) _wREV13346 |
|
| 999 |
_c26862 _d26862 |
||